100 największych miast USA - Statystyki

Ogólne statystyki
  • Ten quiz został rozwiązany 114 razy
  • Średni wynik to 33 z 100
Statystyki odpowiedzi
Hint Miasto % Poprawnych
3 849 378 Los Angeles
98%
10 250 567 Nowy Jork
98%
2 833 321 Chicago
95%
581 530 Waszyngton
93%
404 048 Miami
91%
590 763 Boston
89%
2 144 491 Houston
88%
582 454 Seattle
82%
552 539 Las Vegas
81%
1 232 940 Dallas
80%
1 448 394 Filadelfia
80%
744 041 San Francisco
79%
486 411 Atlanta
76%
1 256 951 San Diego
76%
566 974 Denver
75%
918 849 Detroit
74%
1 512 986 Phoenix
74%
1 296 682 San Antonio
72%
223 388 Nowy Orlean
67%
537 081 Portland
67%
709 893 Austin
62%
785 597 Indianapolis
62%
447 306 Kansas City
62%
537 734 Oklahoma City
61%
929 936 San José
59%
220 186 Orlando
58%
453 781 Sacramento
55%
630 478 Charlotte
53%
444 323 Cleveland
53%
794 555 Jacksonville
53%
372 833 Minneapolis
52%
733 203 Columbus
46%
332 888 Tampa
46%
670 902 Memphis
45%
552 120 Nashville
41%
640 961 Baltimore
38%
504 949 Albuquerque
36%
332 252 Cincinnati
36%
653 320 Fort Worth
35%
602 782 Milwaukee
34%
609 415 El Paso
33%
312 819 Pittsburgh
33%
353 837 Saint Louis
33%
377 357 Honolulu
29%
278 700 Anchorage
27%
229 424 Birmingham
22%
276 059 Buffalo
22%
554 496 Louisville
22%
397 067 Oakland
22%
427 872 Omaha
20%
281 402 Newark
18%
518 956 Tucson
18%
238 832 Norfolk
16%
372 437 Colorado Springs
14%
356 321 Raleigh
14%
382 872 Tulsa
14%
472 494 Long Beach
13%
201 998 Montgomery
13%
210 255 Reno
13%
435 619 Virginia Beach
13%
229 553 Baton Rouge
11%
241167 Lincoln
11%
273 535 St. Paul
11%
357 698 Wichita
11%
199 776 | 367 197 Arlington
9%
208 123 Rochester
9%
334 425 Anaheim
8%
209 009 Durham
8%
241 789 Jersey City
8%
223 389 Madison
8%
248 098 St. Petersburg
8%
298 446 Toledo
8%
270 789 Lexington
7%
285 267 Corpus Christi
6%
466 714 Fresno
6%
290 141 Stockton
6%
209 704 Akron
5%
308 392 Bakersfield
5%
212 756 Chula Vista
5%
447 541 Mesa
5%
248 637 Fort Wayne
4%
201 691 Fremont
4%
199 463 | 246 531 Glendale
4%
236 865 Greensboro
4%
215 484 Laredo
4%
212 169 Lubbock
4%
205 721 Modesto
4%
293 761 Riverside
4%
340 024 Santa Ana
4%
200 199 Shreveport
4%
240595 Chandler
2%
220 560 Chesapeake
2%
240614 Henderson
2%
255 009 Plano
2%
231 127 Scottsdale
2%
303 582 Aurora
1%
217 963 Garland
1%
217 141 Hialeah
1%
Nie znaleziono quizów pasujących do podanych kryteriów
Rozkład punktacji
Procent ludzi z każdym wynikiem
Percentyl według liczby udzielonych odpowiedzi
Twoja historia wyników
Nie rozwiązałeś tego quizu